Window design strategies to conserve energy (Record no. 27687)

MARC details
000 -LEADER
fixed length control field 00517nam a22001697a 4500
008 - FIXED-LENGTH DATA ELEMENTS--GENERAL INFORMATION
fixed length control field 221103b |||||||| |||| 00| 0 eng d
040 ## - CATALOGING SOURCE
Original cataloging agency National Science Library
Transcribing agency National Science Library
080 ## - UNIVERSAL DECIMAL CLASSIFICATION NUMBER
Universal Decimal Classification number 69.028.2
Item number L7
100 ## - MAIN ENTRY--PERSONAL NAME
Personal name Hastings, S Robert
9 (RLIN) 8426
245 ## - TITLE STATEMENT
Title Window design strategies to conserve energy
260 ## - PUBLICATION, DISTRIBUTION, ETC.
Name of publisher, distributor, etc. National Bureau of Standards,
Date of publication, distribution, etc. 1977
490 ## - SERIES STATEMENT
Series statement NBS buildibg science series
Volume/sequential designation 104
650 ## - SUBJECT ADDED ENTRY--TOPICAL TERM
Topical term or geographic name entry element Building materials
653 ## - INDEX TERM--UNCONTROLLED
Uncontrolled term Frame
653 ## - INDEX TERM--UNCONTROLLED
Uncontrolled term Glazing
942 ## - ADDED ENTRY ELEMENTS (KOHA)
Source of classification or shelving scheme Universal Decimal Classification
Koha item type Reference
Holdings
Withdrawn status Lost status Source of classification or shelving scheme Damaged status Not for loan Collection Home library Current library Shelving location Date acquired Total Checkouts Full call number Barcode Date last seen Price effective from Koha item type
    Universal Decimal Classification     Non-fiction National Science Library National Science Library GF/Rk-21/C-10/R-4 03/08/2004   69.028.2 L7 194126 03/11/2022 03/08/2004 Reference